[Event "Newcastle Northumbria Masters"]
[Site "Newcastle on Tyne"]
[Date "2022.08.27"]
[Round "2"]
[White "Jackson, Edward"]
[Black "Zhang, Anthony"]
[Result "1-0"]
[WhiteElo "1787"]
[BlackElo "2206"]
[PlyCount "67"]
[EventDate "2022.08.26"]
[EventType "swiss"]
[EventRounds "9"]
[EventCountry "ENG"]
[SourceTitle "CBM 210 Extra"]
[Source "ChessBase"]
[SourceDate "2022.11.30"]
[SourceVersion "1"]
[SourceVersionDate "2022.11.30"]
[SourceQuality "1"]

1. e4 c5 2. c3 Nf6 3. e5 Nd5 4. d4 cxd4 5. Nf3 Nc6 6. Bc4 Nb6 7. Bb3 d5 8. exd6 Qxd6 9. 0-0 Be6 10. Nxd4 Nxd4 11. cxd4 Bxb3 12. Qxb3 e6 13. Nc3 Be7 14. d5 exd5 15. Be3 Nc4 16. Qxb7 Rb8 17. Qxd5 Nxe3 18. fxe3 Qxd5 19. Nxd5 Rxb2 20. Nc7+ Kf8 21. Ne6+ Kg8 22. Rac1 h6 23. Rc8+ Kh7 24. Rxh8+ Kxh8 25. Rxf7 Bf6 26. Rxa7 Be5 27. Ra8+ Bb8 28. a4 Kg8 29. a5 Kf7 30. Nd8+ Kf6 31. Ra6+ Kf5 32. Rb6 Ra2 33. Rxb8 Rxa5 34. Kf2 1-0

[Event "Newcastle Northumbria Masters"]
[Site "Newcastle on Tyne"]
[Date "2022.08.27"]
[Round "3"]
[White "Zhang, Anthony"]
[Black "Shahbazi, Mahmoud"]
[Result "0-1"]
[WhiteElo "2206"]
[BlackElo "1981"]
[PlyCount "88"]
[EventDate "2022.08.26"]
[EventType "swiss"]
[EventRounds "9"]
[EventCountry "ENG"]
[SourceTitle "CBM 210 Extra"]
[Source "ChessBase"]
[SourceDate "2022.11.30"]
[SourceVersion "1"]
[SourceVersionDate "2022.11.30"]
[SourceQuality "1"]

1. Nf3 Nf6 2. c4 g6 3. g3 Bg7 4. Bg2 c5 5. d4 cxd4 6. Nxd4 0-0 7. Nc3 Nc6 8. 0-0 Qb6 9. Nb3 Qb4 10. c5 b6 11. a3 Qc4 12. cxb6 axb6 13. e4 e5 14. Be3 Rb8 15. Rc1 Qa6 16. h3 Na5 17. Nd2 Bb7 18. b4 Nc4 19. Nxc4 Qxc4 20. Bxb6 Qe6 21. Bc5 Rfd8 22. Bd6 Rbc8 23. Qd3 Rc6 24. Rfd1 Bh6 25. f4 exf4 26. Bxf4 Bxf4 27. gxf4 Rc4 28. Nd5 Bxd5 29. exd5 Qb6+ 30. Kh1 Rxf4 31. Rf1 Nh5 32. Rxf4 Nxf4 33. Qe4 Qb8 34. Qf3 Nh5 35. Kg1 Re8 36. Qf2 Nf4 37. Re1 Rc8 38. Rf1 Rc4 39. Qe3 g5 40. Re1 f6 41. Rd1 Rc3 42. Qf2 Rxa3 43. Rb1 Rxh3 44. Bf3 Nd3 0-1

[Event "Leamington Spa 4NCL op-A 28th"]
[Site "Leamington Spa"]
[Date "2022.07.09"]
[Round "3"]
[White "Zhang, Anthony"]
[Black "Verma, Shlok"]
[Result "1/2-1/2"]
[WhiteElo "2237"]
[BlackElo "1829"]
[PlyCount "203"]
[EventDate "2022.07.08"]
[EventType "swiss"]
[EventRounds "5"]
[EventCountry "ENG"]
[SourceTitle "CBM 209 Extra"]
[Source "ChessBase"]
[SourceDate "2022.09.30"]
[SourceVersion "1"]
[SourceVersionDate "2022.09.30"]
[SourceQuality "1"]

1. Nf3 d5 2. d4 Nf6 3. c4 dxc4 4. e3 e6 5. Bxc4 a6 6. Bb3 b5 7. 0-0 Bb7 8. Nbd2 c5 9. dxc5 Bxc5 10. Qe2 Nbd7 11. e4 Qc7 12. h3 Ne5 13. Nxe5 Qxe5 14. Bc2 0-0 15. Nf3 Qh5 16. Bf4 Rfd8 17. Rfd1 h6 18. Bc7 Rdc8 19. Be5 Rd8 20. Rac1 Bb6 21. Bb1 Ne8 22. b4 f6 23. Bf4 Rxd1+ 24. Rxd1 Rd8 25. Rxd8 Bxd8 26. Be3 Qf7 27. a3 Qd7 28. Nd4 Kh8 29. Qg4 Bc8 30. Ba2 Nc7 31. Qg6 Bb7 32. Qg4 Bc8 33. g3 Kh7 34. Qh5 Bb7 35. Qg4 Bc8 36. Kh2 Be7 37. Qh5 Bf8 38. h4 e5 39. Nf5 g6 40. Qg4 Bg7 41. h5 gxf5 42. Qg6+ Kh8 43. Bxh6 Qe7 44. Bf7 Qf8 45. Be3 f4 46. gxf4 Be6 47. Bxe6 Nxe6 48. fxe5 Ng5 49. exf6 Bxf6 50. Bxg5 Bxg5 51. Qxg5 Qxf2+ 52. Kh3 Qf3+ 53. Kh4 Qxe4+ 54. Qg4 Qe7+ 55. Kg3 Qe3+ 56. Qf3 Qg5+ 57. Kf2 Qd2+ 58. Qe2 Qf4+ 59. Kg2 Qg5+ 60. Kh3 Qf5+ 61. Qg4 Qd3+ 62. Qg3 Qf5+ 63. Kh4 Qf6+ 64. Kg4 Qe6+ 65. Kg5 Qg8+ 66. Kf4 Qf7+ 67. Ke4 Qc4+ 68. Kf5 Qf7+ 69. Kg4 Qe6+ 70. Kg5 Qe7+ 71. Kf5 Qf7+ 72. Kg4 Qe6+ 73. Kf3 Qd5+ 74. Kg4 Qe6+ 75. Kh4 Qf6+ 76. Qg5 Qd4+ 77. Qg4 Qf6+ 78. Kg3 Qe5+ 79. Qf4 Qc3+ 80. Kg4 Qg7+ 81. Kf5 Qf7+ 82. Ke4 Qc4+ 83. Ke3 Qc1+ 84. Ke4 Qc4+ 85. Kf3 Qd5+ 86. Ke2 Qxh5+ 87. Kd3 Qh3+ 88. Qe3 Qc8 89. Kd4 Qd7+ 90. Kc3 Qc6+ 91. Qc5 Qf3+ 92. Kd4 Qxa3 93. Qc3 Qa4 94. Kc5+ Kg8 95. Kb6 Kh7 96. Qc7+ Kg6 97. Kc5 Qc2+ 98. Kb6 Qa4 99. Qb7 Qxb4 100. Qxa6 Qd6+ 101. Kxb5 Qxa6+ 102. Kxa6 1/2-1/2

[Event "BCF-chT2b 1617 (4NCL)"]
[Site "England"]
[Date "2016.11.19"]
[Round "1.81"]
[White "Drabble, Andrew"]
[Black "Zhang, Anthony"]
[Result "0-1"]
[WhiteElo "2078"]
[BlackElo "2226"]
[PlyCount "98"]
[EventDate "2016.11.19"]
[EventType "team-tourn"]
[EventRounds "11"]
[EventCountry "ENG"]
[SourceTitle "EXT 2019"]
[Source "ChessBase"]
[SourceDate "2018.10.10"]
[SourceVersion "1"]
[SourceVersionDate "2018.10.10"]
[SourceQuality "1"]
[WhiteTeam "Bradford DCA Knights"]
[BlackTeam "Guildford III"]
[WhiteTeamCountry "ENG"]
[BlackTeamCountry "ENG"]

1. d4 d5 2. Nf3 Nf6 3. c4 c6 4. e3 Bf5 5. cxd5 cxd5 6. Qb3 Qc7 7. Bd2 Nc6 8. Bb5 e6 9. Bb4 Bd6 10. Bxd6 Qxd6 11. Nc3 0-0 12. Bxc6 bxc6 13. Na4 Rab8 14. Qa3 Qxa3 15. bxa3 Nd7 16. 0-0 Rb5 17. Rfc1 Ra5 18. Nc5 Nxc5 19. Rxc5 Rxa3 20. Ne5 f6 21. Nxc6 Kf7 22. h3 Bd3 23. Ra5 Rxa5 24. Nxa5 Rc8 25. Rd1 Rc3 26. Rd2 Ra3 27. Nb3 Bc4 28. Rb2 e5 29. Nc5 exd4 30. Rb7+ Kg6 31. exd4 Rxa2 32. Ne6 Kf5 33. Nxg7+ Ke4 34. Ne6 a5 35. Rxh7 a4 36. Rh4+ Kd3 37. Rf4 a3 38. Rf3+ Kc2 39. h4 Ra1+ 40. Kh2 a2 41. Ra3 Re1 42. Nf4 a1Q 43. Rxa1 Rxa1 44. g4 Kc3 45. g5 fxg5 46. hxg5 Kxd4 47. g6 Ra8 48. Kg3 Ke5 49. Kg4 Kf6 0-1

[Event "GBR-ch 103rd"]
[Site "Bournemouth"]
[Date "2016.07.30"]
[Round "6"]
[White "Zhang, Anthony"]
[Black "Harvey, Marcus Ross"]
[Result "1-0"]
[WhiteElo "2149"]
[BlackElo "2324"]
[PlyCount "73"]
[EventDate "2016.07.25"]
[EventType "swiss"]
[EventRounds "11"]
[EventCountry "ENG"]
[SourceTitle "CBM 173 Extra"]
[Source "ChessBase"]
[SourceDate "2016.08.29"]
[SourceVersion "1"]
[SourceVersionDate "2016.08.29"]
[SourceQuality "1"]

1. d4 e6 2. Nf3 c5 3. c4 cxd4 4. Nxd4 Nf6 5. Nc3 d5 6. Bg5 e5 7. Nc2 d4 8. Nd5 Be7 9. Bxf6 Bxf6 10. e3 Nc6 11. Bd3 dxe3 12. Ncxe3 Qa5+ 13. Qd2 Qxd2+ 14. Kxd2 Bd8 15. b4 0-0 16. h4 f5 17. f4 exf4 18. Nc2 Ne5 19. Rae1 Nxd3 20. Kxd3 b5 21. Nd4 bxc4+ 22. Kxc4 Bb6 23. Ne7+ Kf7 24. Nexf5 Rd8 25. h5 Kf6 26. g4 Ba6+ 27. b5 Rac8+ 28. Kb3 Bxd4 29. Nxd4 Rxd4 30. bxa6 Rc6 31. h6 g6 32. g5+ Kf7 33. Re5 Re6 34. Rb5 f3 35. Rb7+ Re7 36. Rf1 Rf4 37. Re1 1-0

[Event "BCF-chT2d 1516 (4NCL) Demotion pool"]
[Site "England"]
[Date "2016.05.02"]
[Round "11.252"]
[White "Snape, Ian L"]
[Black "Zhang, Anthony"]
[Result "1/2-1/2"]
[WhiteElo "2267"]
[BlackElo "2207"]
[PlyCount "47"]
[EventDate "2015.11.14"]
[EventType "team-tourn"]
[EventRounds "4"]
[EventCountry "ENG"]
[SourceTitle "EXT 2023"]
[Source "ChessBase"]
[SourceDate "2022.10.05"]
[SourceVersion "1"]
[SourceVersionDate "2022.10.05"]
[SourceQuality "1"]
[WhiteTeam "The ADS"]
[BlackTeam "Guildford III"]
[WhiteTeamCountry "ENG"]
[BlackTeamCountry "ENG"]

1. c4 e5 2. Nc3 Nf6 3. Nf3 Nc6 4. g3 Bb4 5. Nd5 Bc5 6. Bg2 d6 7. 0-0 0-0 8. e3 a6 9. d4 Ba7 10. dxe5 Nxe5 11. Nxe5 dxe5 12. b3 c6 13. Nxf6+ Qxf6 14. Bb2 Qe7 15. Qc2 f6 16. h3 Be6 17. Rfd1 Rfd8 18. Kh2 Rxd1 19. Rxd1 Rd8 20. Ba3 Qc7 21. Be4 g6 22. Rxd8+ Qxd8 23. Bxg6 hxg6 24. Qxg6+ 1/2-1/2

[Event "BCF-chT2d 1516 (4NCL) Demotion pool"]
[Site "England"]
[Date "2016.04.30"]
[Round "9.252"]
[White "Thompson, Ian D"]
[Black "Zhang, Anthony"]
[Result "1-0"]
[WhiteElo "2161"]
[BlackElo "2207"]
[PlyCount "85"]
[EventDate "2015.11.14"]
[EventType "team-tourn"]
[EventRounds "4"]
[EventCountry "ENG"]
[SourceTitle "EXT 2017"]
[Source "ChessBase"]
[SourceDate "2016.10.25"]
[SourceVersion "1"]
[SourceVersionDate "2016.10.25"]
[SourceQuality "1"]
[WhiteTeam "BCM Dragons"]
[BlackTeam "Guildford III"]
[WhiteTeamCountry "ENG"]
[BlackTeamCountry "ENG"]

1. c4 f5 2. g3 Nf6 3. Bg2 g6 4. Nc3 Bg7 5. d3 0-0 6. e4 d6 7. Nge2 Nc6 8. 0-0 e5 9. Nd5 Be6 10. f4 Qd7 11. Rb1 Rae8 12. fxe5 dxe5 13. Be3 b6 14. Nxf6+ Bxf6 15. Nc3 f4 16. gxf4 exf4 17. Bxf4 Qd4+ 18. Kh1 Ne5 19. Nb5 Qxd3 20. Nxc7 Bxc4 21. Nxe8 Rxe8 22. Bxe5 Bxe5 23. b3 Ba6 24. Rf2 Bc3 25. Qxd3 Bxd3 26. Rd1 Bxe4 27. Bxe4 Rxe4 28. Rd8+ Kg7 29. Rd7+ Kh6 30. Rxa7 Bd4 31. Rff7 Kg5 32. Rxh7 Kg4 33. Rhe7 Rf4 34. Rf7 Re4 35. Rae7 Be5 36. Kg2 b5 37. Rf2 Kg5 38. Kf1 b4 39. Ref7 Rh4 40. Rg2+ Kh6 41. Re7 Rf4+ 42. Ke2 Re4+ 43. Kd3 1-0

[Event "BCF-chT2d 1516 (4NCL) Demotion pool"]
[Site "England"]
[Date "2016.03.20"]
[Round "8.252"]
[White "Zhang, Anthony"]
[Black "Eames, Robert"]
[Result "1-0"]
[WhiteElo "2207"]
[BlackElo "2275"]
[PlyCount "85"]
[EventDate "2015.11.14"]
[EventType "team-tourn"]
[EventRounds "4"]
[EventCountry "ENG"]
[SourceTitle "EXT 2017"]
[Source "ChessBase"]
[SourceDate "2016.10.25"]
[SourceVersion "1"]
[SourceVersionDate "2016.10.25"]
[SourceQuality "1"]
[WhiteTeam "Guildford III"]
[BlackTeam "Hackney"]
[WhiteTeamCountry "ENG"]
[BlackTeamCountry "ENG"]

1. d4 Nf6 2. Nf3 d5 3. c4 e6 4. Nc3 c6 5. Bg5 dxc4 6. e4 b5 7. e5 h6 8. Bh4 g5 9. Nxg5 hxg5 10. Bxg5 Nbd7 11. g3 Bb7 12. Bg2 Qb6 13. exf6 0-0-0 14. 0-0 c5 15. d5 b4 16. Na4 Qa6 17. dxe6 Bxg2 18. e7 Bxf1 19. Nxc5 Qc6 20. exd8Q+ Kxd8 21. Qxd7+ Qxd7 22. Nxd7 Kxd7 23. Rxf1 Bd6 24. Rd1 Ke6 25. f4 Bc5+ 26. Kg2 c3 27. bxc3 bxc3 28. Rc1 Bd4 29. h4 Kd5 30. Kf3 Rc8 31. Rc2 Kc4 32. h5 Kd3 33. Rc1 Be3 34. Rd1+ Bd2 35. f5 Kc2 36. Bxd2 cxd2 37. Rxd2+ Kxd2 38. g4 Kd3 39. g5 Kd4 40. Kf4 Kd5 41. g6 Rc4+ 42. Kg5 fxg6 43. fxg6 1-0

[Event "BCF-chT2a 1516 (4NCL)"]
[Site "England"]
[Date "2015.11.15"]
[Round "2.222"]
[White "Coleman, David"]
[Black "Zhang, Anthony"]
[Result "1/2-1/2"]
[WhiteElo "2179"]
[BlackElo "2267"]
[PlyCount "39"]
[EventDate "2015.11.14"]
[EventType "team-tourn"]
[EventRounds "7"]
[EventCountry "ENG"]
[SourceTitle "CBM 169 Extra"]
[Source "ChessBase"]
[SourceDate "2015.12.18"]
[SourceVersion "1"]
[SourceVersionDate "2015.12.18"]
[SourceQuality "1"]
[WhiteTeam "Barbican Youth"]
[BlackTeam "Guildford III"]
[WhiteTeamCountry "ENG"]
[BlackTeamCountry "ENG"]

1. e4 c5 2. Nc3 Nc6 3. Nf3 g6 4. d4 cxd4 5. Nxd4 Bg7 6. Be3 Nf6 7. Bc4 Qa5 8. 0-0 d6 9. h3 0-0 10. Bb3 Bd7 11. Re1 Rfe8 12. Qd3 Rac8 13. Rad1 a6 14. a3 Ne5 15. Qe2 b5 16. Bc1 Nc4 17. Nf3 Be6 18. Nd4 Bd7 19. Nf3 Be6 20. Nd4 1/2-1/2

[Event "GBR-ch 102nd"]
[Site "Coventry"]
[Date "2015.08.07"]
[Round "11"]
[White "Burke, Mitchell R"]
[Black "Zhang, Anthony"]
[Result "0-1"]
[WhiteElo "1966"]
[BlackElo "2109"]
[PlyCount "72"]
[EventDate "2015.07.27"]
[EventType "swiss"]
[EventRounds "11"]
[EventCountry "ENG"]
[SourceTitle "CBM 167 Extra"]
[Source "ChessBase"]
[SourceDate "2015.09.14"]
[SourceVersion "1"]
[SourceVersionDate "2015.09.14"]
[SourceQuality "1"]

1. e4 c5 2. Nc3 Nc6 3. f4 g6 4. Nf3 Bg7 5. Bb5 Nd4 6. 0-0 a6 7. Bd3 d6 8. Nxd4 cxd4 9. Ne2 Nf6 10. Kh1 e5 11. fxe5 dxe5 12. Bc4 b5 13. Bb3 d3 14. cxd3 Qxd3 15. Rf3 Qd6 16. d3 Bg4 17. Rg3 h5 18. Qf1 Ra7 19. h4 0-0 20. Bg5 Nh7 21. Nc3 Bf6 22. Nd5 Bxg5 23. hxg5 Nxg5 24. Nf6+ Kg7 25. Nxg4 hxg4 26. Qf2 Qd7 27. Rf1 f6 28. Rxg4 Raa8 29. Rg3 Qd6 30. Kg1 Rac8 31. Bd5 Rc7 32. d4 exd4 33. Rd1 Qe5 34. Rgd3 Rh8 35. Qg3 Rc2 36. Qg4 Qh2+ 0-1

[Event "GBR-ch 102nd"]
[Site "Coventry"]
[Date "2015.08.04"]
[Round "8"]
[White "Zhang, Anthony"]
[Black "Weaving, Richard"]
[Result "0-1"]
[WhiteElo "2109"]
[BlackElo "2257"]
[PlyCount "65"]
[EventDate "2015.07.27"]
[EventType "swiss"]
[EventRounds "11"]
[EventCountry "ENG"]
[SourceTitle "CBM 167 Extra"]
[Source "ChessBase"]
[SourceDate "2015.09.14"]
[SourceVersion "1"]
[SourceVersionDate "2015.09.14"]
[SourceQuality "1"]

1. d4 Nf6 2. Nf3 e6 3. c4 d5 4. Nc3 c6 5. Bg5 h6 6. Bxf6 Qxf6 7. e3 Nd7 8. Bd3 dxc4 9. Bxc4 g6 10. 0-0 Bg7 11. Rc1 0-0 12. a4 e5 13. d5 Nb6 14. Ne4 Qd8 15. dxc6 bxc6 16. Bb3 Rb8 17. a5 Nd7 18. Nd6 Ba6 19. Re1 c5 20. e4 Qc7 21. Bc4 Bxc4 22. Nxc4 Rfd8 23. Qc2 Nf8 24. Qc3 Ne6 25. Ne3 Nf4 26. Nd5 Nxd5 27. exd5 e4 28. Nd4 Qd6 29. Qxc5 Qxc5 30. Rxc5 Bxd4 31. Rc4 Rxd5 32. Rxe4 Bxb2 33. g3 0-1

[Event "GBR-ch 102nd"]
[Site "Coventry"]
[Date "2015.07.27"]
[Round "1"]
[White "Hebden, Mark"]
[Black "Zhang, Anthony"]
[Result "1-0"]
[WhiteElo "2500"]
[BlackElo "2109"]
[PlyCount "135"]
[EventDate "2015.07.27"]
[EventType "swiss"]
[EventRounds "11"]
[EventCountry "ENG"]
[SourceTitle "CBM 167 Extra"]
[Source "ChessBase"]
[SourceDate "2015.09.14"]
[SourceVersion "1"]
[SourceVersionDate "2015.09.14"]
[SourceQuality "1"]

1. d4 d5 2. Nf3 Nf6 3. c4 c6 4. e3 Bf5 5. Nc3 e6 6. Nh4 Bg6 7. Qb3 Qc7 8. Bd2 Nbd7 9. cxd5 exd5 10. Nxg6 hxg6 11. g3 Be7 12. Be2 Nb6 13. 0-0-0 a5 14. Kb1 a4 15. Qc2 Qd7 16. f3 0-0 17. Bc1 a3 18. b3 Bb4 19. Bd2 Qe7 20. Rc1 Rfc8 21. Nd1 Bxd2 22. Qxd2 c5 23. dxc5 Rxc5 24. Rxc5 Qxc5 25. Qd4 Rc8 26. Qxc5 Rxc5 27. Nf2 Rc7 28. Bb5 Re7 29. Nd1 Nbd7 30. Kc2 Ne5 31. Rf1 Rc7+ 32. Kd2 g5 33. g4 Rc5 34. Nc3 Kf8 35. Be2 Nc6 36. Na4 Ra5 37. Rc1 Ke7 38. Nc5 Ra7 39. Bb5 Ne5 40. Ke2 Kd6 41. h3 Ng6 42. b4 b6 43. Nb3 Ne7 44. Nd4 Ra8 45. Kf2 g6 46. Rc3 Nd7 47. Bf1 Ne5 48. Nb5+ Kd7 49. Rxa3 Rxa3 50. Nxa3 f5 51. Nc2 Nc8 52. Bb5+ Ke7 53. Nd4 Nd6 54. Ke2 Nxb5 55. Nxb5 Kd7 56. Nd4 f4 57. exf4 gxf4 58. h4 Nc4 59. a4 Kd6 60. Nb3 Kc6 61. h5 gxh5 62. gxh5 Ne5 63. h6 d4 64. Nxd4+ Kd5 65. h7 Ng6 66. Kd3 Ne5+ 67. Kc3 Ng6 68. Ne2 1-0

[Event "BCF-chT2c 1415 (4NCL)"]
[Site "England"]
[Date "2015.05.04"]
[Round "11.246"]
[White "Zhang, Anthony"]
[Black "Summerscale, Claire"]
[Result "1-0"]
[WhiteElo "2170"]
[BlackElo "1910"]
[PlyCount "51"]
[EventDate "2015.03.29"]
[EventType "team-tourn"]
[EventRounds "11"]
[EventCountry "ENG"]
[SourceTitle "EXT 2016"]
[Source "ChessBase"]
[SourceDate "2015.10.08"]
[SourceVersion "1"]
[SourceVersionDate "2015.10.08"]
[SourceQuality "1"]
[WhiteTeam "Guildford III"]
[BlackTeam "Grantham Sharks II"]
[WhiteTeamCountry "ENG"]
[BlackTeamCountry "ENG"]

1. d4 d5 2. Nf3 Nf6 3. c4 e6 4. Nc3 c6 5. e3 Be7 6. Qc2 Nbd7 7. b3 0-0 8. Bd3 h6 9. Bb2 b6 10. 0-0 Bb7 11. Qe2 Rc8 12. Rfd1 Re8 13. Ne5 Nxe5 14. dxe5 Nd7 15. f4 Bc5 16. Kh1 Rc7 17. Bc2 dxc4 18. bxc4 Qe7 19. Ne4 Rd8 20. Qd3 g6 21. Nf6+ Kf8 22. e4 Bb4 23. a3 Ba5 24. f5 c5 25. Qb3 h5 26. Qe3 1-0

[Event "BCF-chT2c 1415 (4NCL)"]
[Site "England"]
[Date "2015.03.29"]
[Round "8.246"]
[White "Goldie, Thomas"]
[Black "Zhang, Anthony"]
[Result "1/2-1/2"]
[WhiteElo "2058"]
[BlackElo "2170"]
[PlyCount "53"]
[EventDate "2015.03.29"]
[EventType "team-tourn"]
[EventRounds "11"]
[EventCountry "ENG"]
[SourceTitle "EXT 2016"]
[Source "ChessBase"]
[SourceDate "2015.10.08"]
[SourceVersion "1"]
[SourceVersionDate "2015.10.08"]
[SourceQuality "1"]
[WhiteTeam "Barbican Youth"]
[BlackTeam "Guildford III"]
[WhiteTeamCountry "ENG"]
[BlackTeamCountry "ENG"]

1. e4 c5 2. Nf3 Nc6 3. d4 cxd4 4. Nxd4 e5 5. Nb5 d6 6. N1c3 a6 7. Na3 b5 8. Nd5 Nge7 9. Ne3 Be6 10. c4 b4 11. Nac2 a5 12. b3 g6 13. Nd5 Bg7 14. Bg5 h6 15. Bxe7 Nxe7 16. Nce3 0-0 17. Nxe7+ Qxe7 18. Nd5 Qb7 19. Be2 Bxd5 20. Qxd5 Qxd5 21. cxd5 Rfc8 22. Bb5 Rc2 23. 0-0 Rb8 24. Bc4 h5 25. Rfc1 Rxc1+ 26. Rxc1 Rc8 27. Rc2 1/2-1/2

[Event "BCF-chT2a 1415 (4NCL)"]
[Site "England"]
[Date "2014.11.16"]
[Round "2.236"]
[White "Zhang, Anthony"]
[Black "Lenier, Jude"]
[Result "1/2-1/2"]
[WhiteElo "2090"]
[BlackElo "2047"]
[PlyCount "84"]
[EventDate "2014.11.15"]
[EventType "team-tourn"]
[EventRounds "7"]
[EventCountry "ENG"]
[SourceTitle "CBM 163 Extra"]
[Source "ChessBase"]
[SourceDate "2014.12.23"]
[SourceVersion "1"]
[SourceVersionDate "2014.12.23"]
[SourceQuality "1"]
[WhiteTeam "Guildford III"]
[BlackTeam "Sussex Martlets"]
[WhiteTeamCountry "ENG"]
[BlackTeamCountry "ENG"]

1. d4 Nf6 2. Nf3 g6 3. g3 Bg7 4. Bg2 0-0 5. 0-0 d6 6. a4 Nbd7 7. Nc3 e5 8. dxe5 dxe5 9. a5 Qe7 10. Ng5 Nc5 11. Be3 c6 12. Na4 Nxa4 13. Rxa4 Bf5 14. c4 Rad8 15. Qb3 Ng4 16. Ne4 Nxe3 17. Qxe3 Rd4 18. Nd2 e4 19. Nb3 Rd7 20. c5 Rd5 21. f3 Re8 22. fxe4 Re5 23. Nd2 Rxc5 24. Qa3 Bg4 25. Bf3 Bh3 26. Rb1 Qg5 27. Nf1 Rc2 28. Qe3 Qb5 29. b3 Rc3 30. Qd2 Rxb3 31. Rxb3 Qxb3 32. Rb4 Qa3 33. Rxb7 Bf6 34. Bg2 Qc5+ 35. e3 Bxg2 36. Qxg2 Qxa5 37. e5 Qxe5 38. Qxc6 Bg5 39. Qf3 f5 40. Rxa7 Qc5 41. Ra8 Rxa8 42. Qxa8+ Kg7 1/2-1/2

[Event "GBR-ch 101st"]
[Site "Aberystwyth"]
[Date "2014.07.29"]
[Round "10"]
[White "Hill, Alistair"]
[Black "Zhang, Anthony"]
[Result "1/2-1/2"]
[WhiteElo "2126"]
[BlackElo "1926"]
[PlyCount "80"]
[EventDate "2014.07.19"]
[EventType "swiss"]
[EventRounds "11"]
[EventCountry "WLS"]
[SourceTitle "CBM 161 Extra"]
[Source "ChessBase"]
[SourceDate "2014.08.29"]
[SourceVersion "1"]
[SourceVersionDate "2014.08.29"]
[SourceQuality "1"]

1. Nf3 Nf6 2. g3 g6 3. Bg2 Bg7 4. 0-0 0-0 5. d4 d6 6. c4 Nc6 7. Nc3 Bf5 8. b3 Ne4 9. Bb2 Nxc3 10. Bxc3 Be4 11. Qd2 d5 12. Rfd1 e6 13. Rac1 a5 14. Ne5 Nxe5 15. Bxe4 Nxc4 16. bxc4 dxe4 17. Bxa5 Qxd4 18. Qxd4 Bxd4 19. Bxc7 Bc5 20. Rc2 Rfc8 21. Rd7 b6 22. Be5 Rd8 23. Rb7 Rac8 24. e3 Kf8 25. Kg2 Ke8 26. Kh3 Rd7 27. Rxd7 Kxd7 28. Bf6 Be7 29. Bxe7 Kxe7 30. Kg2 Kd6 31. Rd2+ Ke7 32. Rd4 f5 33. f3 exf3+ 34. Kxf3 e5 35. Rd5 e4+ 36. Kf4 Rxc4 37. g4 fxg4 38. Rb5 Rc2 39. Rxb6 Rxa2 40. Rb7+ Kf6 1/2-1/2

[Event "GBR-ch 101st"]
[Site "Aberystwyth"]
[Date "2014.07.20"]
[Round "2"]
[White "Zhang, Anthony"]
[Black "Kett, Timothy"]
[Result "1/2-1/2"]
[WhiteElo "1926"]
[BlackElo "2270"]
[PlyCount "102"]
[EventDate "2014.07.19"]
[EventType "swiss"]
[EventRounds "11"]
[EventCountry "WLS"]
[SourceTitle "CBM 161 Extra"]
[Source "ChessBase"]
[SourceDate "2014.08.29"]
[SourceVersion "1"]
[SourceVersionDate "2014.08.29"]
[SourceQuality "1"]

1. d4 d5 2. Nf3 Nf6 3. c4 c6 4. e3 e6 5. Nbd2 Nbd7 6. Bd3 dxc4 7. Nxc4 c5 8. a4 cxd4 9. exd4 Bb4+ 10. Bd2 Bxd2+ 11. Qxd2 0-0 12. a5 Nd5 13. 0-0 N7f6 14. Rfc1 Qe7 15. Nce5 Bd7 16. a6 b6 17. Ng5 h6 18. Ne4 Rac8 19. Nxf6+ Nxf6 20. Rxc8 Rxc8 21. Rc1 Rxc1+ 22. Qxc1 Qd6 23. Qc4 b5 24. Qc5 Qxa6 25. Nxd7 Nxd7 26. Qxb5 Qa1+ 27. Bf1 Nf6 28. g3 a5 29. Kg2 g6 30. Qe5 Kg7 31. b3 Qc3 32. Be2 Qxb3 33. Qxa5 Qd5+ 34. Qxd5 Nxd5 35. Kf3 Kf6 36. Bc4 Nb4 37. Ke4 g5 38. g4 Nc6 39. Bb3 Ne7 40. d5 exd5+ 41. Bxd5 Ng6 42. Kf3 Ke7 43. Ke4 Kf6 44. Bb3 Ne5 45. Bd1 Ng6 46. Bb3 Nf4 47. Bc4 Nh3 48. f3 Kg6 49. Bf1 Nf4 50. h4 Ne6 51. hxg5 hxg5 1/2-1/2

[Event "Sunningdale e2e4 op 05"]
[Site "Ascot"]
[Date "2014.05.26"]
[Round "7"]
[White "Savage, Nicholas W"]
[Black "Zhang, Anthony"]
[Result "1/2-1/2"]
[WhiteElo "1977"]
[BlackElo "1913"]
[PlyCount "49"]
[EventDate "2014.05.23"]
[EventType "swiss"]
[EventRounds "7"]
[EventCountry "ENG"]
[SourceTitle "CBM 160 Extra"]
[Source "ChessBase"]
[SourceDate "2014.07.01"]
[SourceVersion "1"]
[SourceVersionDate "2014.07.01"]
[SourceQuality "1"]

1. d4 Nf6 2. c4 g6 3. Nc3 Bg7 4. e4 d6 5. f3 0-0 6. Bg5 c5 7. d5 a6 8. Qd2 Qc7 9. Nge2 e6 10. a4 Nbd7 11. Ng3 exd5 12. cxd5 Rb8 13. Be2 c4 14. a5 b5 15. axb6 Nxb6 16. 0-0 Nfd7 17. Be3 Nc5 18. Ra2 Bd7 19. Kh1 Ra8 20. Bh6 Qd8 21. Bxg7 Kxg7 22. f4 f6 23. Re1 Re8 24. Qc2 Qe7 25. Raa1 1/2-1/2

[Event "Sunningdale e2e4 op 04"]
[Site "Ascot"]
[Date "2014.04.19"]
[Round "5"]
[White "Altman, Joshua"]
[Black "Zhang, Anthony"]
[Result "0-1"]
[WhiteElo "1670"]
[BlackElo "1896"]
[PlyCount "114"]
[EventDate "2014.04.17"]
[EventType "swiss"]
[EventRounds "9"]
[EventCountry "ENG"]
[SourceTitle "CBM 159 Extra"]
[Source "ChessBase"]
[SourceDate "2014.04.24"]
[SourceVersion "1"]
[SourceVersionDate "2014.04.24"]
[SourceQuality "1"]

1. e4 c5 2. Nf3 Nc6 3. Bb5 g6 4. Bxc6 dxc6 5. h3 Bg7 6. d3 e5 7. Nc3 Qe7 8. Be3 Nf6 9. Qd2 b6 10. Bh6 0-0 11. Bxg7 Kxg7 12. 0-0 Ne8 13. Qg5 f6 14. Qe3 Nd6 15. a4 a5 16. Rfe1 Bd7 17. Nd2 Rae8 18. Nc4 Nc8 19. f4 exf4 20. Qxf4 Be6 21. Ne3 Qd8 22. Rf1 Kg8 23. Rf3 Rf7 24. Qh6 Qe7 25. Raf1 Qf8 26. Qh4 Kg7 27. Ng4 Bxg4 28. hxg4 Ree7 29. Rh3 Kg8 30. Rhf3 g5 31. Qf2 Kg7 32. Ne2 Nd6 33. Ng3 Re6 34. Nh5+ Kg6 35. e5 Ne8 36. exf6 Nxf6 37. Nxf6 Rfxf6 38. Rf5 Qe7 39. Qg3 h6 40. Qh3 Kg7 41. Qg3 Rxf5 42. gxf5 Rf6 43. Qf3 Qe5 44. c3 Qe7 45. Qe4 Qd7 46. Qe5 Kf7 47. d4 cxd4 48. cxd4 Kg7 49. b3 Kf7 50. Rf2 Qd8 51. Qe4 Rd6 52. Rd2 Qf6 53. Kh2 h5 54. Re2 Rd8 55. Rd2 g4 56. Qf4 Re8 57. d5 Qh4+ 0-1